<?xml version="1.0" encoding="UTF-8"?><?xml-stylesheet type="text/xsl" href="static/style.xsl"?><OAI-PMH xmlns="http://www.openarchives.org/OAI/2.0/" xmlns:xsi="http://www.w3.org/2001/XMLSchema-instance" xsi:schemaLocation="http://www.openarchives.org/OAI/2.0/ http://www.openarchives.org/OAI/2.0/OAI-PMH.xsd"><responseDate>2026-04-17T11:48:58Z</responseDate><request verb="GetRecord" identifier="oai:www.recercat.cat:2072/472870" metadataPrefix="marc">https://recercat.cat/oai/request</request><GetRecord><record><header><identifier>oai:recercat.cat:2072/472870</identifier><datestamp>2024-11-04T07:06:35Z</datestamp><setSpec>com_2072_98</setSpec><setSpec>col_2072_378192</setSpec></header><metadata><record xmlns="http://www.loc.gov/MARC21/slim" xmlns:dcterms="http://purl.org/dc/terms/" xmlns:xsi="http://www.w3.org/2001/XMLSchema-instance" xmlns:doc="http://www.lyncode.com/xoai" xsi:schemaLocation="http://www.loc.gov/MARC21/slim http://www.loc.gov/standards/marcxml/schema/MARC21slim.xsd">
   <leader>00925njm 22002777a 4500</leader>
   <datafield ind2=" " ind1=" " tag="042">
      <subfield code="a">dc</subfield>
   </datafield>
   <datafield ind2=" " ind1=" " tag="720">
      <subfield code="a">Olivé-Busom, Júlia</subfield>
      <subfield code="e">author</subfield>
   </datafield>
   <datafield ind2=" " ind1=" " tag="720">
      <subfield code="a">Kirchner, Helena</subfield>
      <subfield code="e">author</subfield>
   </datafield>
   <datafield ind2=" " ind1=" " tag="720">
      <subfield code="a">López-Costas, Olalla</subfield>
      <subfield code="e">author</subfield>
   </datafield>
   <datafield ind2=" " ind1=" " tag="720">
      <subfield code="a">Márquez-Grant, Nicholas</subfield>
      <subfield code="e">author</subfield>
   </datafield>
   <datafield ind2=" " ind1=" " tag="260">
      <subfield code="c">2020</subfield>
   </datafield>
   <datafield ind2=" " ind1=" " tag="520">
      <subfield code="a">El presente trabajo ofrece una síntesis de los conocimientos arqueológicos e históricos sobre el poblamiento andalusí mediante un inventario de hallazgos funerarios en Cataluña, con la provincia de Castellón como referente de comparación. Se presentan nuevos datos relativos a hallazgos aún inéditos de los yacimientos de Plà de Almatà (Balaguer) y la Vall d'Uixó (Castellón). Cataluña formaba parte de la Frontera Superior de al-Andalus, por lo que desarrolló unas características de poblamiento diferentes al resto del šarq al-Andalus, representado por la provincia de Castellón. Para investigar estas características, la arqueología funeraria y la antropología física aportan herramientas de gran utilidad. Aunque los aspectos tafonómicos y las oportunidades de excavación han influenciado el registro funerario disponible, los procesos históricos no deben desvincularse. Para este trabajo, se ha realizado un inventario exhaustivo y un análisis de los datos disponibles de estas regiones con el objetivo de interpretar el registro disponible y ofrecer una síntesis útil para las investigaciones futuras.</subfield>
   </datafield>
   <datafield ind2=" " ind1=" " tag="520">
      <subfield code="a">This paper presents a review of the archaeological and historical knowledge on Andalusian settlement in Catalonia as obtained through the funerary record. A comparison is also made with the province of Cas-tellón. This study also contains new data regarding the cemetery of Plà de Almatà (Balaguer) and ceme-teries from Vall d'Uixó (Castellón). Catalonia was part of the Upper Frontier of al-Andalus, and as such its settlement patterns were different to the rest of Šarq al-Andalus, represented by the province of Catellón. Funerary archaeology and physical anthropology provide useful and unique tools to study these fea-tures and patterns. Although taphonomic aspects of skeletal preservation and the amount of excava-tion activity have influenced the available funerary record, historical processes cannot be overlooked. For this current study, an exhaustive review of the literature and available data from these regions has been undertaken with the aim of providing a broader interpretation of the period and recommendations for future research.</subfield>
   </datafield>
   <datafield ind1="8" ind2=" " tag="024">
      <subfield code="a">http://hdl.handle.net/2072/472870</subfield>
   </datafield>
   <datafield tag="653" ind2=" " ind1=" ">
      <subfield code="a">Arqueología funeraria</subfield>
   </datafield>
   <datafield tag="653" ind2=" " ind1=" ">
      <subfield code="a">Antropología física</subfield>
   </datafield>
   <datafield tag="653" ind2=" " ind1=" ">
      <subfield code="a">Al-Andalus</subfield>
   </datafield>
   <datafield tag="653" ind2=" " ind1=" ">
      <subfield code="a">Frontera Superior</subfield>
   </datafield>
   <datafield tag="653" ind2=" " ind1=" ">
      <subfield code="a">Sarq al-Andalus</subfield>
   </datafield>
   <datafield tag="653" ind2=" " ind1=" ">
      <subfield code="a">Upper Frontier</subfield>
   </datafield>
   <datafield tag="653" ind2=" " ind1=" ">
      <subfield code="a">Funerary archaeology</subfield>
   </datafield>
   <datafield tag="653" ind2=" " ind1=" ">
      <subfield code="a">Islamic rite</subfield>
   </datafield>
   <datafield tag="653" ind2=" " ind1=" ">
      <subfield code="a">Physical anthropology</subfield>
   </datafield>
   <datafield ind2="0" ind1="0" tag="245">
      <subfield code="a">Arqueología funeraria andalusí en Cataluña y la provincia de Castellón : un estado de la cuestión</subfield>
   </datafield>
</record></metadata></record></GetRecord></OAI-PMH>